Movies Quiz

Random Movies or Actor Quiz

Actor by first film Quiz Stats

 Plays Quiz not verified by Sporcle

Score 0/14 Timer 05:00
0 Plays Today
First film Actor/Actress % Correct
Wayne's WorldMike Myers
87.4%
The MaskCameron Diaz
87.4%
Nightmare on Elm StreetJohnny Depp
73.7%
PopeyeRobin Williams
73.1%
The Color PurpleWhoopi Goldberg
61.7%
Blind DateBruce Willis
35.4%
Copper MountainJim Carrey
23.4%
First film Actor/Actress % Correct
Man in the MoonReese Witherspoon
19.4%
Critters 3Leonardo DiCaprio
16.6%
City SlickersJake Gyllenhaal
10.9%
The Cry Baby KillerJack Nicholson
8.6%
Johnny Be GoodUma Thurman
6.9%
Bob RobertsJack Black
6.3%
Where the Day Takes YouWill Smith
4%

You're not logged in!

Compare scores with friends on all Sporcle quizzes.
OR
Log In

You Might Also Like...

Show Comments

Extras

Top Quizzes Today


Score Distribution

Your Account Isn't Verified!

In order to create a playlist on Sporcle, you need to verify the email address you used during registration. Go to your Sporcle Settings to finish the process.

Report this User

Report this user for behavior that violates our Community Guidelines.

Details: